Cuentos argentinos : antología para gente joven /

Guardado en:
Autor Principal: Pérez Aguilar, Graciela Elsa
Formato: Libro
Publicado: Buenos Aires : Alfaguara, 1994
Materias:
Etiquetas: Agregar Etiqueta
Sin Etiquetas, Sea el primero en etiquetar este registro!
LEADER 01411nam a22002535a 4500
001 CEM.cems009757
005 20100915083929.0
008 130507s1994##################000#0#####d
003 CEMS
020 |a 9505111592 
082 0 4 |a A868.4 
100 1 |a Pérez Aguilar, Graciela Elsa 
245 1 0 |a Cuentos argentinos :  |b antología para gente joven /  |c Selección y Prólogo de Graciela Pérez Aguilar 
260 |a Buenos Aires :  |b Alfaguara,  |c 1994 
300 |a 161 p. 
505 0 |a Flores / Jorge Accame -- Una mujer alada / Adela Basch -- En puntas de pie / Elsa Bornemann -- Los tres apuntes de Tim / Oche Califa -- Una de terror / Pablo De Santis -- Mar de fondo / Laura Devetach -- Lo mejor que se tiene / Griselda Gambaro -- Las luces del puerto de Waalwijik vistas desde el otro lado del mar / Angélica Gorodischer -- Huérfano / Ricardo Mariño -- Huevo / Graciela Montes -- El diosito / Gustavo Roldán -- Marilin se ramifica / Silvia Schujer -- Princesa, mago, dragón y caballero / Ana María Shua -- Novios de madre / María Elena Walsh -- Ciencias naturales / Ema Wolf 
653 |a Literatura 
653 |a Literatura argentina 
653 |a Cuentos 
653 |a Cuentos argentinos-siglo 20 
653 |a Literatura juvenil 
653 |a Cuentos-antología 
859 |a CEMS  |b BIB. CEMS - 11 de abril  |h A868.4  |i P415  |p 20049.98  |t Ej.1 
859 |a CEMS  |b BIB. CEMS - 11 de abril  |h A868.4  |i P415  |p 21653.02  |t Ej.2